| 000 | 00755nam a2200241Ia 4500 | ||
|---|---|---|---|
| 003 | GCL | ||
| 008 | 140319s9999 xx 000 0 ara d | ||
| 040 |
_aGCL / _cGCL |
||
| 082 | 0 | 4 |
_aد _b050 |
| 100 | 1 | _aجمعة سيد يوسف | |
| 245 | 1 | 0 |
_aسيكولوجية اللغة والمرض العقلى ( عالم المعرفة 145 ) / _cجمعة سيد يوسف |
| 300 | _a293 ص | ||
| 490 |
_aعالم المعرفة _v0 |
||
| 650 | 0 | 4 | _aاللغة العربية |
| 650 | 0 | 4 | _aعلم النفس اللغوى |
| 650 | 0 | 4 | _aفقه اللغة |
| 650 | 0 | 4 | _aالكلام |
| 650 | 0 | 4 | _aالتخلف العقلى |
| 650 | 0 | 4 | _aالامراض العقلية |
| 650 | 0 | 4 | _aالاخطاء اللغوية |
| 650 | 0 | 4 | _aانفصام |
| 942 |
_2ddc _cBK |
||
| 999 |
_c50303 _d50303 |
||